Powiaty województwa opolskiego – Quiz na mapie - Statystyki

Ogólne statystyki
  • Ten quiz został rozwiązany 2 760 razy
  • Średni wynik to 8 z 12
Odpowiedzi na mapie
Odpowiedzi zakodowano w zielono-czerwonej skali na mapie do tego quizu, zgodnie z poniższymi procentami.
 
Statystyki odpowiedzi
Odpowiedź % Poprawnych
Opole
94%
opolski
93%
nyski
71%
kędzierzyńsko-kozielski
67%
brzeski
63%
kluczborski
62%
głubczycki
58%
namysłowski
53%
prudnicki
52%
oleski
50%
krapkowicki
49%
strzelecki
48%
Nie znaleziono quizów pasujących do podanych kryteriów
Rozkład punktacji
Procent ludzi z każdym wynikiem
Percentyl według liczby udzielonych odpowiedzi
Twoja historia wyników
Nie rozwiązałeś tego quizu